University of Essex- UG prospectus 1999 (Record no. 195086)
[ view plain ]
| 000 -LEADER | |
|---|---|
| fixed length control field | 00556 a2200157 4500 |
| 003 - CONTROL NUMBER IDENTIFIER | |
| control field | Nust |
| 005 - DATE AND TIME OF LATEST TRANSACTION | |
| control field | 20170207154215.0 |
| 040 ## - CATALOGING SOURCE | |
| Transcribing agency | Nust |
| 082 ## - DEWEY DECIMAL CLASSIFICATION NUMBER | |
| Classification number | 378.4 |
| 245 ## - TITLE STATEMENT | |
| Title | University of Essex- UG prospectus 1999 |
| Statement of responsibility, etc. | University of Essex |
| 260 ## - PUBLICATION, DISTRIBUTION, ETC. | |
| Place of publication, distribution, etc. | Essex, UK. |
| Name of publisher, distributor, etc. | University of Essex |
| Date of publication, distribution, etc. | 1999 |
| 300 ## - PHYSICAL DESCRIPTION | |
| Extent | 198 P. |
| 505 ## - FORMATTED CONTENTS NOTE | |
| Formatted contents note | Introduction Essex (Page-5) Student Life (Page-13) Student Services (Page-23) Degree Structure and First-year Study (Page-29) Applying to Essex (Page-179) Map (Page-192) |
| 538 ## - SYSTEM DETAILS NOTE | |
| System details note | Almirah No. 117 shelf No. 1 |
| 650 ## - SUBJECT ADDED ENTRY--TOPICAL TERM | |
| Topical term or geographic name entry element | UG Prospectus |
| 942 ## - ADDED ENTRY ELEMENTS (KOHA) | |
| Source of classification or shelving scheme | |
| Koha item type | Book |
| Withdrawn status | Lost status | Source of classification or shelving scheme | Damaged status | Not for loan | Collection code | Permanent Location | Current Location | Date acquired | Total Checkouts | Full call number | Barcode | Date last seen | Price effective from | Koha item type |
|---|---|---|---|---|---|---|---|---|---|---|---|---|---|---|
| Military College of Signals (MCS) | Military College of Signals (MCS) | 12/12/2016 | 378.4 UNI | MCSPS-7 | 12/08/2016 | 12/12/2016 | Book |
